| 000 | 00646nam a22001937a 4500 | ||
|---|---|---|---|
| 005 | 20240530110922.0 | ||
| 008 | 220221s1970 ua a g b 000 0 ara d | ||
| 040 |
_aEG-CaGPL _cEG-CaGPL |
||
| 082 | 0 | 4 |
_221 _a811.009 / _bم هـ |
| 100 | 0 | _aمحمد محمد حسين | |
| 245 | 0 |
_aالهجاء والهجاءون فى الجاهلية / _cمحمد محمد حسين |
|
| 250 | _aط.1 | ||
| 260 |
_aبيروت : _bدار النهضة العربية، _c1970 |
||
| 300 |
_a268 ص؛ _c24 سم |
||
| 650 | 0 | 7 |
_aالادب العربى _2qrmak |
| 650 | 0 | 7 |
_aالهجاء _2qrmak |
| 942 |
_2ddc _cBK |
||
| 999 |
_c66511 _d66511 |
||